000 01004nam a2200301 a 4500
001 21143
003 BD-RjUL
005 20211209000643.0
008 140303s2003 enk b 001 1 eng d
020 _a0521646812
020 _a0521641160 (pb.)
035 _a(OCoLC)ocm50669821
035 _a(BD-RjUL)21207
040 _aDLC
_cDLC
_dUKM
_dC#P
_dNNC
_dBD-RjUL
_beng
041 _aeng
082 0 0 _a821.7
_221
_bCAM 2003
245 0 4 _aThe Cambridge companion to Wordsworth /
_cedited by Stephen Gill.
260 _aCambridge ;
_aNew York :
_bCambridge University Press,
_c2003.
300 _axxi, 295 p. ;
_c23 cm.
490 1 _aCambridge companions to literature
504 _aIncludes bibliographical references (p. 246-264) and index.
600 1 0 _aWordsworth, William,
_d1770-1850
_xCriticism and interpretation.
_965350
700 1 _aGill, Stephen.
_955611
830 0 _aCambridge companions to literature.
_965351
942 _2ddc
_cBK
_01
999 _c21143
_d21143